[Event "San Jose op"]
[Site "San Jose"]
[Date "2013.06.30"]
[Round "2"]
[White "Salazar, Pablo"]
[Black "Murillo, Manuel"]
[Result "1/2-1/2"]
[WhiteElo "2128"]
[BlackElo "2160"]
[PlyCount "51"]
[EventDate "2013.06.29"]
[EventType "swiss"]
[EventRounds "9"]
[EventCountry "CRI"]
[SourceTitle "EXT 2014"]
[Source "ChessBase"]
[SourceDate "2013.11.20"]
[SourceVersion "1"]
[SourceVersionDate "2013.11.20"]
[SourceQuality "1"]

1. e4 e5 2. Nf3 Nc6 3. Bb5 Nge7 4. 0-0 g6 5. d3 Bg7 6. Nc3 0-0 7. a3 d6 8. h3 h6 9. Nh2 Nd4 10. Bc4 g5 11. h4 Ng6 12. hxg5 hxg5 13. g3 Be6 14. Qh5 Bxc4 15. dxc4 Ne6 16. Ng4 c6 17. Kg2 Re8 18. Be3 b5 19. cxb5 d5 20. Bd2 dxe4 21. Nxe4 Qd5 22. f3 Qxd2+ 23. Nxd2 Ngf4+ 24. gxf4 Nxf4+ 25. Kf2 Nxh5 26. bxc6 1/2-1/2

[Event "Carlos Torre Memorial op 13th"]
[Site "Merida"]
[Date "2000.12.22"]
[Round "9"]
[White "Sariego Figueredo, Wilfredo"]
[Black "Salazar, Pablo"]
[Result "1/2-1/2"]
[WhiteElo "2376"]
[BlackElo "2200"]
[PlyCount "27"]
[EventDate "2000.12.15"]
[EventType "swiss"]
[EventRounds "9"]
[EventCountry "MEX"]
[SourceTitle "CBM 079 Extra"]
[Source "ChessBase"]
[SourceDate "2001.01.11"]
[SourceVersion "2"]
[SourceVersionDate "2001.01.25"]
[SourceQuality "1"]

1. e4 e6 2. d4 d5 3. Nc3 dxe4 4. Nxe4 Nf6 5. Ng3 c5 6. Nf3 Nc6 7. Be3 Qb6 8. Be2 Bd7 9. 0-0 cxd4 10. Nxd4 Bc5 11. c3 Nd5 12. Kh1 0-0 13. Bf3 Nxe3 14. fxe3 1/2-1/2

[Event "Carlos Torre Memorial op 13th"]
[Site "Merida"]
[Date "2000.12.16"]
[Round "2"]
[White "Salazar, Pablo"]
[Black "Arencibia Rodriguez, Walter"]
[Result "0-1"]
[WhiteElo "2200"]
[BlackElo "2513"]
[PlyCount "84"]
[EventDate "2000.12.15"]
[EventType "swiss"]
[EventRounds "9"]
[EventCountry "MEX"]
[SourceTitle "CBM 079 Extra"]
[Source "ChessBase"]
[SourceDate "2001.01.11"]
[SourceVersion "2"]
[SourceVersionDate "2001.01.25"]
[SourceQuality "1"]

1. d4 d5 2. Nf3 Nc6 3. c4 Bg4 4. cxd5 Bxf3 5. exf3 Qxd5 6. Be3 e5 7. dxe5 Qxe5 8. Qb3 Bb4+ 9. Nc3 Nge7 10. 0-0-0 0-0 11. Nd5 Bd6 12. f4 Qe6 13. Nxe7+ Qxe7 14. g3 a5 15. Bg2 Rfb8 16. h4 a4 17. Qc4 a3 18. b3 Qf6 19. Bd4 Nxd4 20. Qxd4 Qf5 21. Qd5 Qd7 22. h5 h6 23. Bh3 Qd8 24. Qf5 b6 25. Bg2 Ra5 26. Rd5 Rc5+ 27. Kb1 c6 28. Rxc5 Bxc5 29. Bxc6 Qd4 30. Qc2 Rd8 31. Bf3 Qxf2 32. Qxf2 Bxf2 33. Rd1 Re8 34. Rd2 Bxg3 35. f5 Kf8 36. Rd4 Re5 37. Rd5 Re3 38. Bd1 Ke7 39. Bc2 Re1+ 40. Bd1 Rf1 41. Kc2 Rf2+ 42. Rd2 Rxf5 0-1